<?xml version="1.0" encoding="UTF-8"?><?xml-stylesheet type="text/xsl" href="static/style.xsl"?><OAI-PMH xmlns="http://www.openarchives.org/OAI/2.0/" xmlns:xsi="http://www.w3.org/2001/XMLSchema-instance" xsi:schemaLocation="http://www.openarchives.org/OAI/2.0/ http://www.openarchives.org/OAI/2.0/OAI-PMH.xsd"><responseDate>2026-04-27T14:34:07Z</responseDate><request verb="GetRecord" identifier="oai:uvadoc.uva.es:10324/6285" metadataPrefix="marc">https://uvadoc.uva.es/oai/request</request><GetRecord><record><header><identifier>oai:uvadoc.uva.es:10324/6285</identifier><datestamp>2021-06-23T09:48:37Z</datestamp><setSpec>com_10324_1133</setSpec><setSpec>com_10324_931</setSpec><setSpec>com_10324_894</setSpec><setSpec>col_10324_1209</setSpec></header><metadata><record xmlns="http://www.loc.gov/MARC21/slim" xmlns:doc="http://www.lyncode.com/xoai" xmlns:xsi="http://www.w3.org/2001/XMLSchema-instance" xmlns:dcterms="http://purl.org/dc/terms/" xsi:schemaLocation="http://www.loc.gov/MARC21/slim http://www.loc.gov/standards/marcxml/schema/MARC21slim.xsd">
<leader>00925njm 22002777a 4500</leader>
<datafield tag="042" ind1=" " ind2=" ">
<subfield code="a">dc</subfield>
</datafield>
<datafield tag="720" ind1=" " ind2=" ">
<subfield code="a">Pérez Merino, Pablo</subfield>
<subfield code="e">author</subfield>
</datafield>
<datafield tag="720" ind1=" " ind2=" ">
<subfield code="a">Parra Ruiz, Francisco Javier</subfield>
<subfield code="e">author</subfield>
</datafield>
<datafield tag="720" ind1=" " ind2=" ">
<subfield code="a">Ibares Frías, Lucía</subfield>
<subfield code="e">author</subfield>
</datafield>
<datafield tag="720" ind1=" " ind2=" ">
<subfield code="a">Gallego Muñoz, Patricia</subfield>
<subfield code="e">author</subfield>
</datafield>
<datafield tag="720" ind1=" " ind2=" ">
<subfield code="a">Vázquez Lasa, Blanca</subfield>
<subfield code="e">author</subfield>
</datafield>
<datafield tag="720" ind1=" " ind2=" ">
<subfield code="a">Benito Garzón, Lorena</subfield>
<subfield code="e">author</subfield>
</datafield>
<datafield tag="720" ind1=" " ind2=" ">
<subfield code="a">San Román Calvar, José Alberto</subfield>
<subfield code="e">author</subfield>
</datafield>
<datafield tag="720" ind1=" " ind2=" ">
<subfield code="a">Martínez García, María del Carmen</subfield>
<subfield code="e">author</subfield>
</datafield>
<datafield tag="720" ind1=" " ind2=" ">
<subfield code="a">Merayo Lloves, Jesús</subfield>
<subfield code="e">author</subfield>
</datafield>
<datafield tag="260" ind1=" " ind2=" ">
<subfield code="c">2010</subfield>
</datafield>
<datafield tag="520" ind1=" " ind2=" ">
<subfield code="a">The objective of this work was to evaluate the potential use of less stiff materials based on acrylic copolymers&#xd;
of methyl methacrylate/2-ethylhexyl acrylate (MMA/EHA) as devices to correct, stabilize and&#xd;
improve the effect of poly(methyl methacrylate) (PMMA) intracorneal ring segments. MMA/EHA and&#xd;
PMMA intracorneal ring segments were surgically implanted in the corneas of Lohmann Classic hens.&#xd;
The effects of the intracorneal ring segments were assessed by optical measurements and corneal tolerance&#xd;
was evaluated through biomicroscopic examination over a 90-day observation period and by conventional&#xd;
histology. The experimental results demonstrated that the intracorneal ring segments made&#xd;
of MMA/EHA copolymers provided a significant change in the corneal curvature and an improved&#xd;
in vivo response compared to those obtained for PMMA rings, which was attributed to the higher flexibility&#xd;
of the copolymeric materials, indicating that these systems might be considered suitable as an&#xd;
alternative to those currently used, for application in clinical practice.</subfield>
</datafield>
<datafield tag="024" ind2=" " ind1="8">
<subfield code="a">Acta Biomaterialia, 2010, vol. 6, p. 2572-2579</subfield>
</datafield>
<datafield tag="024" ind2=" " ind1="8">
<subfield code="a">1742-7061</subfield>
</datafield>
<datafield tag="024" ind2=" " ind1="8">
<subfield code="a">http://uvadoc.uva.es/handle/10324/6285</subfield>
</datafield>
<datafield tag="024" ind2=" " ind1="8">
<subfield code="a">10.1016/j.actbio.2010.01.014</subfield>
</datafield>
<datafield tag="024" ind2=" " ind1="8">
<subfield code="a">2572</subfield>
</datafield>
<datafield tag="024" ind2=" " ind1="8">
<subfield code="a">2579</subfield>
</datafield>
<datafield tag="024" ind2=" " ind1="8">
<subfield code="a">Acta Biomaterialia</subfield>
</datafield>
<datafield tag="024" ind2=" " ind1="8">
<subfield code="a">6</subfield>
</datafield>
<datafield ind1=" " ind2=" " tag="653">
<subfield code="a">Cornea - Cirugía</subfield>
</datafield>
<datafield tag="245" ind1="0" ind2="0">
<subfield code="a">Clinical and pathological effects of different acrylic intracorneal ring segments in corneal additive surgery</subfield>
</datafield>
</record></metadata></record></GetRecord></OAI-PMH>